| 000 | 00458nam a2200193Ia 4500 | ||
|---|---|---|---|
| 003 | 0100 | ||
| 008 | 130307s9999 xx 000 0 und d | ||
| 040 | _cARRUPELIB | ||
| 050 | _aBX1682.Z3H58 2004 | ||
| 100 | _aHinfelaar, Hugo F | ||
| 245 | _aHistory of the Catholic church in Zambia | ||
| 260 | _aLusaka | ||
| 260 | _bBookworld Publishers | ||
| 260 | _c2004 | ||
| 300 | _axiii | ||
| 300 | _b465p. 26 cm. | ||
| 650 | _aCATHOLIC CHURCH | ||
| 942 | 0 | 0 | _07 |
| 999 |
_c96600 _d96600 |
||